000 00581nam a22001937a 4500
005 20240530110956.0
008 220126b1984 ua g 000 0 ara d
040 _aEG-CaGPL
_cEG-CaGPL
082 0 4 _221
_a811.9 /
_bم ب
100 0 _aمحمد على فرحات
245 1 2 _aبيان الخوف /
_cمحمد على فرحات .
250 _aط1
260 _aالقاهرة :
_bدار الشروق ،
_c1984.
300 _a83 ص؛
_c18 سم.
650 0 7 _2qrmak
_aالادب العربى
651 _2qrmak
942 _2ddc
_cBK
999 _c67096
_d67096